| 000 | 00695nam a2200169 a 4500 | ||
|---|---|---|---|
| 001 | 000037632 | ||
| 005 | 20200930080459.0 | ||
| 008 | 121010s20uu sp 000 0 spa d | ||
| 020 | _a9788483470893 | ||
| 040 |
_aDO-SdBNP _bspa _cBNPHU |
||
| 082 |
_axxxx _cxxxx |
||
| 100 | 1 |
_aRicardo, Antonio, _d1540?-1606 _964104 |
|
| 245 | 1 | 3 |
_aEl arte y vocabulario en la lengua general del Perú, llamada Quichua, y en la lengua española (1586) / _cAntonio Ricardo ; estudio y edición de Julio Calvo Pérez. |
| 260 |
_aMadrid : _bAgencia Española de Cooperación Internacional para el Desarrollo, _c[200-9?]. |
||
| 300 |
_a2v. + estuche ; _c15 cm. |
||
| 500 | _av. 2 Facsímiles lingüísticos hispánicos ; | ||
| 999 |
_c37122 _d37122 |
||